Innovation and entrepreneurship : (Record no. 577)

MARC details
000 -LEADER
fixed length control field 00682nam a22002297a 4500
005 - DATE AND TIME OF LATEST TRANSACTION
control field 20250420134816.0
008 - FIXED-LENGTH DATA ELEMENTS--GENERAL INFORMATION
fixed length control field 200809b ||||| |||| 00| 0 eng d
020 ## - INTERNATIONAL STANDARD BOOK NUMBER
International Standard Book Number 9781138019195
040 ## - CATALOGING SOURCE
Transcribing agency KCST
082 ## - DEWEY DECIMAL CLASSIFICATION NUMBER
Classification number 658.421
Item number Dr In
100 ## - MAIN ENTRY--PERSONAL NAME
Personal name Drucker; Peter F
9 (RLIN) 4968
245 ## - TITLE STATEMENT
Title Innovation and entrepreneurship :
Remainder of title practice and principles /
Statement of responsibility, etc. Peter F Drucker; Joseph A Maciariello
260 ## - PUBLICATION, DISTRIBUTION, ETC.
Place of publication, distribution, etc. London :
Name of publisher, distributor, etc. Routledge,
Date of publication, distribution, etc. 2015.
300 ## - PHYSICAL DESCRIPTION
Extent p.
440 ## - SERIES STATEMENT/ADDED ENTRY--TITLE
Title Routledge classics.
9 (RLIN) 4969
650 ## - SUBJECT ADDED ENTRY--TOPICAL TERM
Topical term or geographic name entry element Management.
9 (RLIN) 378
650 ## - SUBJECT ADDED ENTRY--TOPICAL TERM
Topical term or geographic name entry element Entrepreneurship.
9 (RLIN) 574
650 ## - SUBJECT ADDED ENTRY--TOPICAL TERM
Topical term or geographic name entry element Business and Management.
9 (RLIN) 4970
700 ## - ADDED ENTRY--PERSONAL NAME
Personal name Maciariello, Joseph A
9 (RLIN) 4971
942 ## - ADDED ENTRY ELEMENTS (KOHA)
Koha item type Book
942 ## - ADDED ENTRY ELEMENTS (KOHA)
Source of classification or shelving scheme Dewey Decimal Classification
Holdings
Withdrawn status Lost status Source of classification or shelving scheme Damaged status Not for loan Home library Current library Date acquired Cost, normal purchase price Total checkouts Full call number Barcode Date last seen Price effective from Koha item type
    Dewey Decimal Classification     KCST Library KCST Library 09/08/2020 21.82   658.421 Dr In 1000000722 09/08/2020 09/08/2020 Book
© 2025 KCST. All rights reserved